000 00609nam a2200229Ia 4500
003 OSt
005 20220928140411.0
006 a|||||r|||| 00| 0
007 ta
008 220927b |||||||| |||| 00| 0 eng d
024 _a8257
037 _cTextual
040 _aSDCL
_cSDCL
_beng
041 _2eng
_aeng
082 _aX:75:(B), M8
100 _aSengupta Jati K
_9408519
245 0 _aEconometrics of planning and efficiency
260 _c1988
700 _a Kadekodi Gopal K
_9475275
942 _hX:75:(B), M8
_cTEXL
_2CC
999 _c811213
_d811213